00289nam a2200121Ia 4500008004100000082001600041100001500057245002500072250000800097260003900105300000800144650001500152191201s2012 xx 000 0 und d a624.17bPUT aPUNMIA, BC 0aTheory of Structures aRep aN. DelhibLaxmi Publicationsc2012 a648 aB.Tech(CE)